Justin Bieber - Chansons de l'album Swag - Statistiques

Statistiques générales
  • Ce quiz a été pris 13 fois
  • Le résultat moyen est 8 sur 21
Statistiques - réponses
Hint Réponse % Correct
Swag 2 Daisies
100%
Swag 4 Go Baby
88%
Swag 2 18 Swag (feat. Cash Cobain and Eddie Benjamin)
75%
Swag 3 Yukon
75%
Swag 1 All I Can Take
50%
Swag 2 12 Devotion (feat. Dijon)
50%
Swag 10 Walking Away
50%
Swag 7 Way It Is (feat. Gunna)
50%
Swag 6 Butterflies
38%
Swag 8 First Place
38%
Swag 2 15 Sweet Spot (feat. Sexyy Red)
38%
Swag 2 19 Zuma House
38%
Swag 2 17 405
25%
Swag 2 16 Standing on Business (feat. Druski)
25%
Swag 5 Things You Do
25%
Swag 2 20 Too Long
25%
Swag 2 21 Forgiveness (performed by Marvin Winans)
13%
Swag 9 Soulful (feat. Druski)
13%
Swag 2 14 Therapy Session (feat. Druski)
13%
Swag 2 13 Dadz Love (feat. Lil B)
0%
Swag 11 Glory Voice Memo
0%
Aucun quiz correspondant
Distribution des résultats
% des personnes avec chaque résultat
Percentile par nombre de réponses
Votre historique - résultats
Vous n’avez pas pris ce quiz